00314nam a2200109Ia 4500008004000000020001800040082001300058100002400071245006900095260003200164300000800196210210b1972 xxu||||| |||| 00| 0 eng d a0 571 10690 0 a410 PALD aPALMER )Leonard R). aDescriptive and comparative linguistics a critical introduction. aLondonbFaber & Faberc1972 a430